| 000 | 00746 a2200241 4500 | ||
|---|---|---|---|
| 999 |
_c216178 _d216178 |
||
| 005 | 20260120133905.0 | ||
| 008 | 220214b ||||| |||| 00| 0 eng d | ||
| 020 | _a9780716787242 | ||
| 040 |
_aLC _cUNZA _eRDA |
||
| 050 |
_aQP 514.2 _bBIO 2006. |
||
| 245 |
_aBiochemistry / _cJeremy M. Berg; John L. Tymoczko and Lubert Stryer . |
||
| 250 | _aSIXth edition. | ||
| 260 |
_aNew York : _bW. H. Freeman and Company, _c2006. |
||
| 300 |
_axxxv, 1026 pages [and various pages] : _billustrations. |
||
| 336 | _aText | ||
| 337 | _aUnmediated | ||
| 338 | _aVolume | ||
| 504 | _aIncludes bibliographical references and index. | ||
| 650 |
_aBiochemistry _xTextbooks. |
||
| 700 | _aTymoczko, John L. | ||
| 700 | _aStryer, Lubert. | ||
| 942 | _cBOOK | ||